[Event "Alcorcon Diagonal op 2nd"]
[Site "Alcorcon"]
[Date "2023.12.27"]
[Round "3"]
[White "Renteria Becerra, Jorge Elicer"]
[Black "Simonyan, Arturo"]
[Result "1-0"]
[WhiteElo "2248"]
[BlackElo "1992"]
[PlyCount "46"]
[EventDate "2023.12.26"]
[EventType "swiss"]
[EventRounds "9"]
[EventCountry "ESP"]
[SourceTitle "CBM 217 Extra"]
[Source "ChessBase"]
[SourceDate "2024.01.31"]
[SourceVersion "1"]
[SourceVersionDate "2024.01.31"]
[SourceQuality "1"]

1. e4 c5 2. Nf3 d6 3. d4 cxd4 4. Nxd4 Nf6 5. Bd3 a6 6. c4 g6 7. h3 Bg7 8. 0-0 0-0 9. Nc3 Bd7 10. Be3 Nc6 11. Nf3 Qa5 12. Rc1 Rfc8 13. Qd2 Ne5 14. Nxe5 Qxe5 15. b4 b5 16. f4 Qe6 17. c5 dxc5 18. Bxc5 Bc6 19. e5 Nh5 20. Qf2 Rd8 21. Bc2 g5 22. fxg5 Bxe5 23. Bb3 Bg7 1-0

[Event "Alcorcon Diagonal op 2nd"]
[Site "Alcorcon"]
[Date "2023.12.26"]
[Round "1"]
[White "Quiroga Andres, Carlos"]
[Black "Simonyan, Arturo"]
[Result "0-1"]
[WhiteElo "1369"]
[BlackElo "1992"]
[PlyCount "76"]
[EventDate "2023.12.26"]
[EventType "swiss"]
[EventRounds "9"]
[EventCountry "ESP"]
[SourceTitle "CBM 217 Extra"]
[Source "ChessBase"]
[SourceDate "2024.01.31"]
[SourceVersion "1"]
[SourceVersionDate "2024.01.31"]
[SourceQuality "1"]

1. Nf3 d5 2. d4 Nf6 3. e3 g6 4. Bd3 Bg7 5. Nbd2 c5 6. c3 Nc6 7. 0-0 0-0 8. Qe2 Re8 9. Re1 Bg4 10. h3 Bxf3 11. Nxf3 Nd7 12. Bc2 e5 13. dxe5 Ndxe5 14. e4 d4 15. Rd1 Qb6 16. cxd4 cxd4 17. a3 Rad8 18. Bd3 Nxd3 19. Qxd3 Qa6 20. Qxa6 bxa6 21. Bg5 f6 22. Bf4 Rxe4 23. Bg3 Re2 24. Rac1 Ne5 25. Nxd4 Rxb2 26. Ne6 Rxd1+ 27. Rxd1 Bh6 28. Rd8+ Kf7 29. Nc5 Bf8 30. Nxa6 Bxa3 31. Bxe5 fxe5 32. Rd7+ Be7 33. Rxa7 Ra2 34. f3 Kf6 35. Kh2 Bd6 36. h4 e4+ 37. Kh3 exf3 38. gxf3 Rh2+ 0-1

[Event "Madrid-ch"]
[Site "Madrid"]
[Date "2022.05.31"]
[Round "7"]
[White "De la Puerta Cresis, Javier"]
[Black "Simonyan, Arturo"]
[Result "1-0"]
[WhiteElo "2128"]
[BlackElo "1895"]
[PlyCount "65"]
[EventDate "2022.05.25"]
[EventType "swiss"]
[EventRounds "7"]
[EventCountry "ESP"]
[SourceTitle "EXT 2023"]
[Source "ChessBase"]
[SourceDate "2022.10.05"]
[SourceVersion "1"]
[SourceVersionDate "2022.10.05"]
[SourceQuality "1"]

1. d4 d5 2. c4 e5 3. dxe5 d4 4. a3 Nc6 5. Nf3 Bg4 6. Nbd2 Qe7 7. Qa4 0-0-0 8. h3 Bh5 9. g4 Bg6 10. Bg2 f6 11. b4 Kb8 12. exf6 Nxf6 13. 0-0 h5 14. g5 Ne4 15. Nxe4 Bxe4 16. Bf4 Qf7 17. Bg3 d3 18. Ne5 Nxe5 19. Bxe4 dxe2 20. Rfe1 Nf3+ 21. Kh1 Nxe1 22. Qb5 Qf3+ 23. Bxf3 Nxf3 24. Bxc7+ Kxc7 25. Qa5+ b6 26. Qxa7+ Kc6 27. b5+ Kc5 28. Qc7+ Kd4 29. Qxd8+ Kc3 30. Qe8 Nd4 31. Rc1+ Kb2 32. Qe3 Nc2 33. Qd2 1-0

[Event "Madrid-ch"]
[Site "Madrid"]
[Date "2022.05.26"]
[Round "2"]
[White "Simonyan, Arturo"]
[Black "Candela Perez, Jose"]
[Result "1/2-1/2"]
[WhiteElo "1895"]
[BlackElo "2336"]
[PlyCount "89"]
[EventDate "2022.05.25"]
[EventType "swiss"]
[EventRounds "7"]
[EventCountry "ESP"]
[SourceTitle "EXT 2023"]
[Source "ChessBase"]
[SourceDate "2022.10.05"]
[SourceVersion "1"]
[SourceVersionDate "2022.10.05"]
[SourceQuality "1"]

1. e4 c5 2. Nf3 e6 3. d4 cxd4 4. Nxd4 Nc6 5. Nc3 Qc7 6. Be3 a6 7. Qd2 Nf6 8. f3 Bb4 9. a3 Be7 10. 0-0-0 b5 11. Bxb5 axb5 12. Ndxb5 Qb8 13. Nd6+ Bxd6 14. Qxd6 Qxd6 15. Rxd6 0-0 16. Rhd1 Ne5 17. Bc5 Ba6 18. b3 Ng6 19. Kb2 Rfb8 20. a4 Ne5 21. Rb6 Rxb6 22. Bxb6 Ne8 23. f4 Ng6 24. g3 d6 25. b4 Ne7 26. b5 Bb7 27. Kb3 f5 28. exf5 Nxf5 29. a5 Rb8 30. Kb4 Kf7 31. Na4 Nf6 32. a6 Be4 33. a7 Ra8 34. c4 Nd7 35. Bf2 h5 36. b6 Bb7 37. Nc3 Rc8 38. Ra1 Ne7 39. Nb5 Rc6 40. a8Q Bxa8 41. Rxa8 Nxb6 42. Bxb6 Rxb6 43. Ra7 Kf6 44. Rd7 Nf5 45. c5 1/2-1/2

[Event "Madrid-ch sf"]
[Site "Madrid"]
[Date "2022.05.10"]
[Round "7"]
[White "Simonyan, Arturo"]
[Black "Martinez Fernandez, Raul"]
[Result "0-1"]
[WhiteElo "1895"]
[BlackElo "2204"]
[PlyCount "140"]
[EventDate "2022.05.04"]
[EventType "swiss"]
[EventRounds "9"]
[EventCountry "ESP"]
[SourceTitle "EXT 2023"]
[Source "ChessBase"]
[SourceDate "2022.10.05"]
[SourceVersion "1"]
[SourceVersionDate "2022.10.05"]
[SourceQuality "1"]

1. e4 e5 2. Nf3 Nc6 3. d4 exd4 4. Nxd4 Nf6 5. Nxc6 bxc6 6. e5 Qe7 7. Qe2 Nd5 8. c4 Ba6 9. b3 0-0-0 10. g3 h5 11. h4 f6 12. Bb2 fxe5 13. Qd2 Nf6 14. Bh3 Kb8 15. 0-0 d5 16. Qa5 Bb7 17. Re1 e4 18. Bd4 c5 19. Be3 d4 20. Bf4 Nh7 21. Nd2 g5 22. hxg5 Nxg5 23. Bxg5 Qxg5 24. Nxe4 Qg6 25. Nxc5 Bxc5 26. Qxc5 h4 27. Re7 Qb6 28. Qxb6 axb6 29. Bg2 hxg3 30. fxg3 Bc8 31. Rd1 Rhg8 32. Kf2 Rdf8+ 33. Bf3 Rxf3+ 34. Kxf3 Bg4+ 35. Ke4 Bxd1 36. Kxd4 Rxg3 37. Re1 Bh5 38. c5 Rg4+ 39. Kc3 bxc5 40. Re5 Rg3+ 41. Kc4 Bf7+ 42. Kxc5 Rg2 43. Re7 Bh5 44. a4 Rg3 45. b4 Rc3+ 46. Kb5 Bf3 47. Ka5 Bd1 48. Re4 Bc2 49. Rf4 Re3 50. b5 Kb7 51. Kb4 Rb3+ 52. Kc5 Ra3 53. b6 cxb6+ 54. Kb5 Rb3+ 55. Kc4 Ra3 56. Kb5 Bd3+ 57. Kb4 Ra1 58. Rd4 Bc2 59. Kc3 Rxa4 60. Rd6 Bf5 61. Kb3 Re4 62. Kc3 Re6 63. Rd5 Be4 64. Rg5 Kc6 65. Kb4 Bd5 66. Rg1 Re4+ 67. Ka3 Kc5 68. Rc1+ Rc4 69. Re1 Rc2 70. Ra1 b5 0-1

[Event "Madrid-ch sf"]
[Site "Madrid"]
[Date "2022.05.08"]
[Round "5"]
[White "Simonyan, Arturo"]
[Black "Rey Martinez, Jaime"]
[Result "1/2-1/2"]
[WhiteElo "1895"]
[BlackElo "2055"]
[PlyCount "126"]
[EventDate "2022.05.04"]
[EventType "swiss"]
[EventRounds "9"]
[EventCountry "ESP"]
[SourceTitle "EXT 2023"]
[Source "ChessBase"]
[SourceDate "2022.10.05"]
[SourceVersion "1"]
[SourceVersionDate "2022.10.05"]
[SourceQuality "1"]

1. e4 c5 2. Nf3 d6 3. d4 cxd4 4. Nxd4 Nf6 5. Nc3 a6 6. Be3 e5 7. Nb3 Be6 8. f3 Nbd7 9. Qd2 b5 10. 0-0-0 h5 11. Nd5 Rc8 12. Qa5 Qxa5 13. Nxa5 Nc5 14. Nxf6+ gxf6 15. Kb1 f5 16. Bxc5 dxc5 17. exf5 Bxf5 18. Bd3 Bxd3 19. Rxd3 Bg7 20. Rd6 0-0 21. Rhd1 Rfe8 22. Rxa6 e4 23. fxe4 Rxe4 24. Rad6 Re2 25. R6d2 Rce8 26. a3 Bh6 27. Rxe2 Rxe2 28. Rd5 Rxg2 29. Rxh5 Be3 30. Nb7 Rg1+ 31. Ka2 Rg2 32. Rh3 Bf4 33. Nxc5 Rxc2 34. Nd3 Bxh2 35. Kb3 Re2 36. Kb4 Be5 37. Nxe5 Rxe5 38. Rc3 f5 39. Rc5 Rxc5 40. Kxc5 f4 41. Kd4 Kf7 42. Ke4 Ke6 43. b3 f3 44. Kxf3 Kf5 45. Ke3 Ke5 46. Kd3 Kd5 47. Kd2 Kd6 48. Ke2 Ke6 49. Kf3 Kf5 50. b4 Ke5 51. Ke3 Kd5 52. Kd3 Kc6 53. Kc2 Kd6 54. Kd3 Ke5 55. Kc3 Kd5 56. Kb2 Kd6 57. Kb3 Kc6 58. Kc2 Kd6 59. Kd2 Kc6 60. Kd3 Kd5 61. Kc3 Kc6 62. Kd4 Kd6 63. Ke4 Ke6 1/2-1/2

[Event "Madrid-ch sf"]
[Site "Madrid"]
[Date "2022.05.06"]
[Round "3"]
[White "Simonyan, Arturo"]
[Black "Rottenwohrer Suarez, Juan"]
[Result "0-1"]
[WhiteElo "1895"]
[BlackElo "2256"]
[PlyCount "92"]
[EventDate "2022.05.04"]
[EventType "swiss"]
[EventRounds "9"]
[EventCountry "ESP"]
[SourceTitle "EXT 2023"]
[Source "ChessBase"]
[SourceDate "2022.10.05"]
[SourceVersion "1"]
[SourceVersionDate "2022.10.05"]
[SourceQuality "1"]

1. e4 c5 2. Nf3 g6 3. d4 cxd4 4. Nxd4 Nc6 5. c4 Nf6 6. Nc3 d6 7. Be2 Nxd4 8. Qxd4 Bg7 9. Be3 0-0 10. Qd2 a5 11. f3 a4 12. Kf2 Qa5 13. Rac1 Be6 14. Nd5 Nxd5 15. Qxa5 Rxa5 16. cxd5 Bc8 17. Rc7 e6 18. Rhc1 Ra8 19. R1c2 exd5 20. exd5 Bf5 21. Rd2 Bb1 22. a3 Rfb8 23. Bd4 Bh6 24. Be3 Bg7 25. Bf4 Bf8 26. g4 Ba2 27. Rd7 Rd8 28. Rxb7 Rab8 29. Ra7 Ra8 30. Rxa8 Rxa8 31. Bb5 Bb3 32. Bc6 Rd8 33. Bg5 Rb8 34. Bf6 Bg7 35. g5 h6 36. h4 Rb6 37. Rd4 Kh7 38. Rb4 Ra6 39. Rb7 Kg8 40. Bxg7 Kxg7 41. gxh6+ Kxh6 42. Rxf7 Rxc6 43. Rf4 Rc5 44. Ke3 Rxd5 45. Rb4 Rd1 46. Rb6 Kh5 0-1

[Event "Madrid-ch Previa-B"]
[Site "Madrid"]
[Date "2022.03.25"]
[Round "8"]
[White "Simonyan, Arturo"]
[Black "Portero Rubio, Martin"]
[Result "0-1"]
[WhiteElo "1923"]
[BlackElo "1846"]
[PlyCount "94"]
[EventDate "2022.03.03"]
[EventType "swiss"]
[EventRounds "9"]
[EventCountry "ESP"]
[SourceTitle "EXT 2023"]
[Source "ChessBase"]
[SourceDate "2022.10.05"]
[SourceVersion "1"]
[SourceVersionDate "2022.10.05"]
[SourceQuality "1"]

1. e4 c5 2. Nf3 e6 3. d4 cxd4 4. Nxd4 Nf6 5. Nc3 Qb6 6. Nb3 Bb4 7. Bd3 Bxc3+ 8. bxc3 d6 9. 0-0 e5 10. c4 Qc7 11. Ba3 Nbd7 12. Qd2 0-0 13. Qb4 Ne8 14. Rad1 b6 15. Rfe1 Bb7 16. Qc3 Nef6 17. Qb4 Nc5 18. Nxc5 dxc5 19. Qc3 Rfe8 20. Bb2 Re6 21. f4 exf4 22. e5 Qc6 23. Rd2 Rae8 24. Bf5 R6e7 25. Rf1 Ne4 26. Qh3 g6 27. Bd7 Rxd7 28. Rxd7 Ng5 29. Qg4 Ne6 30. Rfd1 h5 31. Qf3 Qxd7 32. Rxd7 Bxf3 33. gxf3 Rd8 34. Rxd8+ Nxd8 35. Kf2 Ne6 36. Ke2 g5 37. h3 Kg7 38. Kd3 Kg6 39. Ke4 Nd4 40. c3 Ne2 41. a4 h4 42. a5 Ng1 43. axb6 axb6 44. Kd3 Nxf3 45. Ke4 Nxe5 46. Bc1 Nxc4 47. Kd5 f3 0-1

[Event "Madrid-ch Previa-B"]
[Site "Madrid"]
[Date "2022.03.19"]
[Round "7"]
[White "Marin Aso, Jose Luis"]
[Black "Simonyan, Arturo"]
[Result "0-1"]
[WhiteElo "1834"]
[BlackElo "1923"]
[PlyCount "72"]
[EventDate "2022.03.03"]
[EventType "swiss"]
[EventRounds "9"]
[EventCountry "ESP"]
[SourceTitle "EXT 2023"]
[Source "ChessBase"]
[SourceDate "2022.10.05"]
[SourceVersion "1"]
[SourceVersionDate "2022.10.05"]
[SourceQuality "1"]

1. e4 c5 2. Nf3 d6 3. d4 cxd4 4. Nxd4 Nf6 5. Nc3 a6 6. Be2 e6 7. 0-0 Nbd7 8. f4 Qc7 9. a4 b6 10. Bf3 Bb7 11. Kh1 h5 12. Be3 Nc5 13. e5 dxe5 14. fxe5 Ng4 15. Bf4 Rd8 16. b4 Nd7 17. Nxe6 fxe6 18. Bxg4 hxg4 19. Qxg4 Nb8 20. Qxe6+ Qe7 21. Qg4 Rd4 22. Qg6+ Kd7 23. Qxb6 Qxb4 24. e6+ Ke8 25. Qc7 Bd6 26. Qf7+ Kd8 27. Rab1 Rxf4 28. e7+ Kc8 29. e8Q+ Rxe8 30. Qxe8+ Kc7 31. Rxf4 Qxf4 32. Nd5+ Bxd5 33. Qxb8+ Kd7 34. Qa7+ Bc7 35. Qg1 Qxa4 36. Rd1 Qe4 0-1

[Event "Madrid-ch Previa-B"]
[Site "Madrid"]
[Date "2022.03.18"]
[Round "6"]
[White "Simonyan, Arturo"]
[Black "Cardena Contreras, Javier"]
[Result "1-0"]
[WhiteElo "1923"]
[BlackElo "1816"]
[PlyCount "103"]
[EventDate "2022.03.03"]
[EventType "swiss"]
[EventRounds "9"]
[EventCountry "ESP"]
[SourceTitle "EXT 2023"]
[Source "ChessBase"]
[SourceDate "2022.10.05"]
[SourceVersion "1"]
[SourceVersionDate "2022.10.05"]
[SourceQuality "1"]

1. e4 c5 2. Nf3 d6 3. d4 cxd4 4. Nxd4 Nf6 5. Nc3 a6 6. Be3 e5 7. Nb3 Be6 8. f3 Nbd7 9. Qd2 b5 10. g4 b4 11. Na4 a5 12. g5 Nh5 13. Bb5 Rb8 14. Bc6 Qc7 15. Bd5 Be7 16. 0-0-0 g6 17. h4 0-0 18. Qd3 Rbc8 19. Rh2 Rfd8 20. Qb5 Bxd5 21. Rxd5 Ra8 22. Bb6 Nxb6 23. Qxb6 Qc4 24. Qb5 Qc7 25. Nxa5 Nf4 26. Nc6 Nxd5 27. Nxd8 Qxd8 28. exd5 Qa5 29. Qxa5 Rxa5 30. Nb6 Rxa2 31. Re2 Ra6 32. Nc8 Bd8 33. f4 f6 34. Re4 Kf7 35. fxe5 fxe5 36. Rxb4 Ra1+ 37. Kd2 Ba5 38. Kc3 Bxb4+ 39. Kxb4 Rh1 40. Nxd6+ Ke7 41. Kc5 Rxh4 42. Nc4 e4 43. d6+ Ke8 44. Kc6 Rh2 45. c3 e3 46. Nxe3 Rxb2 47. c4 Ra2 48. c5 Ra6+ 49. Kd5 Kd7 50. Nc4 Ra1 51. c6+ Kd8 52. c7+ 1-0

[Event "Madrid-ch Previa-B"]
[Site "Madrid"]
[Date "2022.03.05"]
[Round "3"]
[White "Simonyan, Arturo"]
[Black "Gonzalez Pena, David I"]
[Result "1-0"]
[WhiteElo "1923"]
[BlackElo "1600"]
[PlyCount "61"]
[EventDate "2022.03.03"]
[EventType "swiss"]
[EventRounds "9"]
[EventCountry "ESP"]
[SourceTitle "EXT 2023"]
[Source "ChessBase"]
[SourceDate "2022.10.05"]
[SourceVersion "1"]
[SourceVersionDate "2022.10.05"]
[SourceQuality "1"]

1. e4 e5 2. Nf3 Nc6 3. d4 exd4 4. Nxd4 Nxd4 5. Qxd4 d6 6. Nc3 Nf6 7. Bg5 Be7 8. 0-0-0 Be6 9. f4 0-0 10. Be2 c5 11. Qd3 h6 12. Bxf6 Bxf6 13. Qxd6 Qa5 14. Qd3 c4 15. Qe3 Bxc3 16. Qxc3 Qxa2 17. f5 Rfd8 18. Qa3 Qxa3 19. bxa3 Bd7 20. Bxc4 Rac8 21. Bb3 Rc7 22. Rd6 Rdc8 23. Rhd1 Bc6 24. Rd8+ Rxd8 25. Rxd8+ Kh7 26. e5 Re7 27. e6 fxe6 28. Bxe6 h5 29. h4 Bxg2 30. Bg8+ Kh6 31. Rd6+ 1-0

[Event "Collado Villalba op-A 36th"]
[Site "Collado Villalba"]
[Date "2019.08.31"]
[Round "9"]
[White "Semprun Martinez, Fernando M"]
[Black "Simonyan, Arturo"]
[Result "0-1"]
[WhiteElo "2071"]
[BlackElo "1919"]
[PlyCount "60"]
[EventDate "2019.08.23"]
[EventType "swiss"]
[EventRounds "9"]
[EventCountry "ESP"]
[SourceTitle "CBM 192 Extra"]
[Source "Chessbase"]
[SourceDate "2019.11.06"]
[SourceVersion "1"]
[SourceVersionDate "2019.11.06"]
[SourceQuality "1"]

1. Nf3 c5 2. c4 g6 3. Nc3 Nc6 4. g3 Bg7 5. Bg2 d6 6. 0-0 Nf6 7. a3 Bf5 8. d4 Ne4 9. Nxe4 Bxe4 10. d5 Bxf3 11. Bxf3 Ne5 12. Bg2 0-0 13. Qc2 Qb6 14. Rb1 a5 15. b3 Qa6 16. a4 f5 17. e3 b6 18. Bb2 Rae8 19. Rbd1 Qc8 20. h3 Kh8 21. Kh2 e6 22. dxe6 Rxe6 23. Rd2 g5 24. Rfd1 Qd8 25. Kg1 f4 26. exf4 gxf4 27. Be4 Qg5 28. Rxd6 fxg3 29. fxg3 Rxd6 30. Rxd6 Qxg3+ 0-1

[Event "Madrid-ch U14"]
[Site "Madrid"]
[Date "2019.03.31"]
[Round "3"]
[White "Tenorio Garcia, Joel"]
[Black "Simonyan, Arturo"]
[Result "1-0"]
[WhiteElo "1738"]
[BlackElo "1835"]
[PlyCount "55"]
[EventDate "2019.03.30"]
[EventType "swiss"]
[EventRounds "6"]
[EventCountry "ESP"]
[SourceTitle "EXT 2021"]
[Source "ChessBase"]
[SourceDate "2020.10.23"]
[SourceVersion "1"]
[SourceVersionDate "2020.10.23"]
[SourceQuality "1"]

1. e4 c5 2. Nf3 d6 3. d4 cxd4 4. Nxd4 Nf6 5. Nc3 a6 6. Bc4 e6 7. Bb3 b5 8. 0-0 Bb7 9. Re1 Nbd7 10. Bg5 Nc5 11. Bd5 exd5 12. exd5+ Kd7 13. b4 Rc8 14. bxc5 Rxc5 15. Ne4 Rxd5 16. c4 bxc4 17. Qa4+ Kc8 18. Nxf6 Rxg5 19. Re8 gxf6 20. Qxc4+ Kd7 21. Qa4+ Kc8 22. Qc4+ Kd7 23. Qxf7+ Be7 24. Rxd8+ Rxd8 25. g3 Rf8 26. Qe6+ Kd8 27. Nf5 Re8 28. Nxd6 1-0